Zwierzęta po hiszpańsku - Statystyki

Ogólne statystyki
  • Ten quiz został rozwiązany 1 874 razy
  • Średni wynik to 13 z 24
Statystyki odpowiedzi
Hiszpański Polski % Poprawnych
Gato Kot
97%
Perro Pies
94%
Toro Byk
91%
León Lew
89%
Medusa Meduza
88%
Vaca Krowa
79%
Caballo Koń
76%
Tortuga Żółw
62%
Pez Ryba
60%
Cerdo Świnia
57%
Pájaro Ptak
54%
Araña Pająk
48%
Gallo Kogut
44%
Cabra Koza
44%
Mariposa Motyl
40%
Zorro Lis
38%
Lobo Wilk
37%
Mono Małpa
36%
Burro Osioł
36%
Tiburón Rekin
33%
Lagarto Jaszczurka
28%
Rana Żaba
26%
Abeja Pszczoła
23%
Hormiga Mrówka
18%
Nie znaleziono quizów pasujących do podanych kryteriów
Rozkład punktacji
Procent ludzi z każdym wynikiem
Percentyl według liczby udzielonych odpowiedzi
Twoja historia wyników
Nie rozwiązałeś tego quizu